| 000 | 00599nam a22001937a 4500 | ||
|---|---|---|---|
| 003 | PILC | ||
| 005 | 20151104095505.0 | ||
| 008 | 130308t xxu||||| |||| 00| 0 eng d | ||
| 020 | _a0451527879 | ||
| 050 |
_aPS 3511 _b.F939 2001 |
||
| 082 |
_aIB 811.52 _bF92 2001 |
||
| 100 | _aFrost, Robert | ||
| 245 |
_aPoems by robert frost : _ba boy's will and north of boston / _cRobert Frost, introduction by William H. Pritchard with a new afterword by Peter Davison. |
||
| 260 |
_aNew York _bSignet Classic _cc2001 |
||
| 300 |
_a v, 152 p. ; _c18 cm. |
||
| 562 | _e1 | ||
| 942 |
_2lcc _cBK |
||
| 999 |
_c3033 _d3033 |
||